Význam spotrebiteľskej politiky Európskej únie

Úloha spotrebiteľskej politiky EÚ. Kľúčové úspechy spotrebiteľskej politiky EÚ. Poradenstvo pre spotrebiteľov. Sieť európskych spotrebiteľských centier. Medzinárodná spolupráca. Vízie a ciele spotrebiteľskej politiky EÚ.

Uložené v:
Podrobná bibliografia
Hlavný autor: Lukáčová, Dana
Médium: Kapitola
Jazyk:Slovak
Predmet:
Tagy: Pridať tag
Žiadne tagy, Buďte prvý, kto otaguje tento záznam!

MARC

LEADER 00000nla a2200000 4500
001 0195818
005 20240502073307.4
041 0 |a slo 
044 |a SK 
245 1 0 |a Význam spotrebiteľskej politiky Európskej únie  |c Dana Lukáčová 
520 |a Úloha spotrebiteľskej politiky EÚ. Kľúčové úspechy spotrebiteľskej politiky EÚ. Poradenstvo pre spotrebiteľov. Sieť európskych spotrebiteľských centier. Medzinárodná spolupráca. Vízie a ciele spotrebiteľskej politiky EÚ. 
610 2 0 |a spotrebitelia 
610 2 0 |a správanie spotrebiteľa 
610 2 0 |a politika spotrebiteľská 
610 2 0 |a ochrana spotrebiteľa 
610 2 0 |a spolupráca medzinárodná 
610 2 0 |a Európska únia 
100 1 |a Lukáčová, Dana